| 000 | 01191 a2200301 4500 | ||
|---|---|---|---|
| 003 | Nust | ||
| 005 | 20170207154031.0 | ||
| 010 | _a 2006285201 | ||
| 020 | _a059600978X | ||
| 020 | _a9780596009786 | ||
| 040 | _cNust | ||
| 082 | 0 | 0 | _a005.133 |
| 100 | 1 | _aBurke, Bill. | |
| 245 | 1 | 0 |
_aEnterprise JavaBeans 3.0 -(E-BOOK) _cBill Burke and Richard Monson-Haefel. |
| 250 | _a5th ed. | ||
| 260 |
_aSebastopol, CA : _bO'Reilly, _cc2006. |
||
| 300 |
_axxv, 732 p. : _bill. ; _c24 cm. |
||
| 500 | _a"Covers Java Persistence"--Cover. | ||
| 500 | _aRev. ed. of: Enterprise JavaBeans / Richard Monson-Haefel. c2004. | ||
| 505 | _aChapter 1, IntroductionThis chapter defines component transaction monitors and explains how they | ||
| 650 | 0 | _aJava (Computer program language) | |
| 651 | _aE-BOOK | ||
| 700 | 1 | _aMonson-Haefel, Richard. | |
| 700 | 1 | _aMonson-Haefel, Richard. | |
| 856 | 4 | 2 |
_3Contributor biographical information _uhttp://www.loc.gov/catdir/enhancements/fy0912/2006285201-b.html |
| 856 | 4 | 2 |
_3Publisher description _uhttp://www.loc.gov/catdir/enhancements/fy0715/2006285201-d.html |
| 856 | 4 | 2 |
_3Table of contents only _uhttp://www.loc.gov/catdir/enhancements/fy1010/2006285201-t.html |
| 942 |
_2ddc _cBK |
||
| 999 |
_c192176 _d192176 |
||